<?xml version="1.0" encoding="UTF-8"?>
<record
    xmlns:xsi="http://www.w3.org/2001/XMLSchema-instance"
    xsi:schemaLocation="http://www.loc.gov/MARC21/slim http://www.loc.gov/standards/marcxml/schema/MARC21slim.xsd"
    xmlns="http://www.loc.gov/MARC21/slim">

  <leader>01146    a2200181   4500</leader>
  <controlfield tag="003">Nust</controlfield>
  <controlfield tag="005">20221013122309.0</controlfield>
  <datafield tag="020" ind1=" " ind2=" ">
    <subfield code="a">8123911394</subfield>
  </datafield>
  <datafield tag="040" ind1=" " ind2=" ">
    <subfield code="c">Nust</subfield>
  </datafield>
  <datafield tag="082" ind1=" " ind2=" ">
    <subfield code="a">562,MOO</subfield>
  </datafield>
  <datafield tag="100" ind1=" " ind2=" ">
    <subfield code="a">Raymond C. Moore,</subfield>
    <subfield code="9">13744</subfield>
  </datafield>
  <datafield tag="245" ind1=" " ind2=" ">
    <subfield code="a">Invertebrate FOSSILS /</subfield>
    <subfield code="c">Raymond C. Moore, Cecil G. Lalicker &amp; Alfred G. Fischer.</subfield>
  </datafield>
  <datafield tag="260" ind1=" " ind2=" ">
    <subfield code="a">New York,</subfield>
    <subfield code="b">McGraw-Hill, 1952.</subfield>
    <subfield code="c">1952</subfield>
  </datafield>
  <datafield tag="300" ind1=" " ind2=" ">
    <subfield code="a">766 p. illus</subfield>
    <subfield code="b">. 25 cm.</subfield>
  </datafield>
  <datafield tag="505" ind1=" " ind2=" ">
    <subfield code="a">The Nature of Fossils (Page-1), Foraminifera and Radiolarian (Page-39), Sponges and Spongelike Fossils (Page-79), Coelenterates (Page-99), Bryozoans (Page-156), Brachiopods (Page-199), Mollusks (Page-269), Gastropods (Page-277), Cephalopods (Page-336), Pelecypods (Page-400), Annelids and other Worms (Page-452), Arthropods (Page-464) Trilobites (Page-478), Ostracodes and other Crustaceans (Page-521), Chelicerates Myriapods and Insects (Page-552), Echinoderms (Page-577), Primiive Attached Echinoderms (Page-582), Crinoids (Page-604), Holothuroids (Page-653), Starfishes (Page-659), Echinoids (Page-675), Graptolites and Pterobranchs (Page-715), Conodonts (Page-733).</subfield>
  </datafield>
  <datafield tag="650" ind1=" " ind2=" ">
    <subfield code="a">fossils</subfield>
    <subfield code="9">100123</subfield>
  </datafield>
  <datafield tag="942" ind1=" " ind2=" ">
    <subfield code="2">ddc</subfield>
    <subfield code="c">BK</subfield>
  </datafield>
  <datafield tag="999" ind1=" " ind2=" ">
    <subfield code="c">182891</subfield>
    <subfield code="d">182891</subfield>
  </datafield>
  <datafield tag="952" ind1=" " ind2=" ">
    <subfield code="0">0</subfield>
    <subfield code="1">0</subfield>
    <subfield code="2">ddc</subfield>
    <subfield code="4">0</subfield>
    <subfield code="7">0</subfield>
    <subfield code="a">MCS</subfield>
    <subfield code="b">MCS</subfield>
    <subfield code="c">GEN</subfield>
    <subfield code="d">2016-12-12</subfield>
    <subfield code="o">562,MOO</subfield>
    <subfield code="p">MCS33630</subfield>
    <subfield code="r">2016-12-08</subfield>
    <subfield code="w">2016-12-12</subfield>
    <subfield code="y">BK</subfield>
    <subfield code="z">Almirah No.25, Shelf No.6</subfield>
  </datafield>
</record>
